| Record ID | ia:powerchordoneman0000mcke |
| Source | Internet Archive |
| Download MARC XML | https://archive.org/download/powerchordoneman0000mcke/powerchordoneman0000mcke_marc.xml |
| Download MARC binary | https://www.archive.org/download/powerchordoneman0000mcke/powerchordoneman0000mcke_meta.mrc |
LEADER: 02543cam 22004574i 4500
001 ocn805723651
003 OCoLC
005 20180909023755.0
008 130117s2012 nyuf 000 0deng
010 $a 2013560071
040 $aDLC$beng$erda$cDLC$dOJ4$dOHRRH$dYDXCP$dSAP$dTOH$dBTCTA$dBDX$dVP@$dBWX$dCOO$dBKX$dILC$dCDX$dOCLCO$dOCLCQ$dOCLCF$dOCL
019 $a757483827$a792934756
020 $a9780061964961
020 $a0061964964
035 $a(OCoLC)805723651$z(OCoLC)757483827$z(OCoLC)792934756
042 $apcc
050 00 $aML429.M359$bA3 2012
082 04 $a787.87166092$aB$223
100 1 $aMcKenzie, Thomas Scott.
245 10 $aPower chord :$bone man's ear-splitting quest to find his guitar heroes /$cThomas Scott McKenzie.
250 $aFirst edition.
264 1 $aNew York :$bIt Books,$c[2012]
300 $a308 pages, 8 unnumbered pages of plates ;$c21 cm
336 $atext$btxt$2rdacontent
337 $aunmediated$bn$2rdamedia
338 $avolume$bnc$2rdacarrier
505 0 $aPrologue -- The hardest working slacker in the world -- First sighting -- Musical debates and the saving grace of video games -- A rocking tour of Evansville guitar stores -- The guitar hero constellation and plans for a pilgrimage -- A Midwestern metal escape -- Hitting the road -- A soggy county fair -- Guns, blades, a mechanical bull, and some useful chord tips -- A phone call from space -- Play from the heart -- The virtuoso -- Guitar hero calling -- Blood, sweat, and strats -- Grandpa sex, ringer tambourine players, and rocking the whisky -- The man with the pointy guitar -- Bending behind the nut -- The view from the Kiss stage -- Stage fright -- Going kamikaze -- Epilogue.
520 $aDetails the author's efforts to track down the legendary guitar heroes of the golden age of heavy metal, including Slash, Ace Frehley, Eddie Van Halen, George Lynch, and Mick Mars, and get them to share the secret to their success.
600 10 $aMcKenzie, Thomas Scott.
650 0 $aRock music fans.
650 0 $aRock musicians.
600 17 $aMcKenzie, Thomas Scott.$2fast$0(OCoLC)fst01989252
650 7 $aRock music fans.$2fast$0(OCoLC)fst01099236
650 7 $aRock musicians.$2fast$0(OCoLC)fst01099238
938 $aBrodart$bBROD$n13768220$c$14.99
938 $aBaker and Taylor$bBTCP$nBK0010238720
938 $aCoutts Information Services$bCOUT$n20294442
938 $aYBP Library Services$bYANK$n7482598
029 1 $aNZ1$b14647786
994 $aZ0$bP4A
948 $hNO HOLDINGS IN P4A - 144 OTHER HOLDINGS